000 00915nam a22002415i 4500
001 168729
003 ES-MaACL
005 20250814054639.0
008 080528s2007 sp a |||| |dspa d
020 _a978-84-935508-1-3
080 _a061.236-055.2(460)
080 _a061.236.6(100)
100 1 _aLacalzada de Mateo, María José.
_969321
245 1 3 _aEl cimiento mixto en Masonería
_b: el derecho humano en España (1893-1963) /
_cMaría José Lacalzada de Mateo.
260 _aMadrid :
_bFundación Maria Deraismes,
_c2007.
300 _a365 p. :
_bil. ;
_c24 cm.
504 _aBibliografía: p.345 - 362.
610 2 4 _aOrden Masónica Mixta Internacional El Derecho Humano.
_9138864
650 7 _aMujeres y Masonería
_2embne
_9138865
710 2 _aFundación María Deraismes.
_9137819
852 _aES-MaACL
_jL-29501
_z.- Dedicatoria autógrafa de la autora
999 _c168729
_d168729